000 00716nam a22002177a 4500
003 UA-OsUOA
001 75570
007 ta
008 20110527b un ||||| |||| 00| 0 ukr d
100 _aКотляров И.Д.
090 _a02
_bК73
942 _cSA
040 _aUA-OsUOA
_brus
_cUA-OsUOA
_dUA-OsUOA
245 _aСовершенствование справочно-бблиографического апарата научной статьи
300 _aС.73-78
955 _a0
041 _arus
080 _a02
773 0 _w75560
_tБібліотекознавство. Документознавство. Інформологія
_d2011
_d1
650 7 _a02 Бібліотечна справа
_2UDC
999 _c361869
_d361869